Management and cost accounting / (Record no. 2662)
[ view plain ]
| 000 -LEADER | |
|---|---|
| fixed length control field | 01492nam a22002537a 4500 |
| 003 - CONTROL NUMBER IDENTIFIER | |
| control field | OSt |
| 005 - DATE AND TIME OF LATEST TRANSACTION | |
| control field | 20260513104415.0 |
| 008 - FIXED-LENGTH DATA ELEMENTS--GENERAL INFORMATION | |
| fixed length control field | 260121t20242024-uka|||fr|||| 001 0 eng d |
| 020 ## - INTERNATIONAL STANDARD BOOK NUMBER | |
| International Standard Book Number | 9781473791244 |
| Terms of availability | RM231.40 |
| 040 ## - CATALOGING SOURCE | |
| Transcribing agency | MIU_Nadiah |
| Modifying agency | MIU_ain |
| -- | MILA_ain |
| 050 ## - LIBRARY OF CONGRESS CALL NUMBER | |
| Classification number | HF5657.4 |
| Item number | .D78 2024 |
| 100 ## - MAIN ENTRY--PERSONAL NAME | |
| 9 (RLIN) | 380 |
| Personal name | Drury, Colin |
| 245 ## - TITLE STATEMENT | |
| Title | Management and cost accounting / |
| Statement of responsibility, etc. | Drury Colin. |
| 250 ## - EDITION STATEMENT | |
| Edition statement | 12th ed. |
| 260 ## - PUBLICATION, DISTRIBUTION, ETC. | |
| Place of publication, distribution, etc. | Andover: |
| Name of publisher, distributor, etc. | Cengage Learning, |
| Date of publication, distribution, etc. | 2024. |
| 300 ## - PHYSICAL DESCRIPTION | |
| Extent | xvii, 876 p.: |
| Other physical details | col. ill. ; |
| Dimensions | 26cm. |
| 500 ## - GENERAL NOTE | |
| General note | Includes bibliographical references (p. 699-706) |
| 520 ## - SUMMARY, ETC. | |
| Summary, etc. | For thirty-five years, Colin Drury’s Management and Cost Accounting has successfully helped learners master the key concepts and processes of management and cost accounting. Now in its eleventh edition, the book retains its trademark clear and accessible style, covering everything students need to know for their accounting career and exams. Every chapter has been updated to include an “Employability Skills” question, new review problems from accounting examination bodies and recent examples of well-known international organizations such as ACCA, CIMA and ATT. The new edition also includes introductions to emerging new technologies such as big data, the Internet of Things and AI. |
| 650 ## - SUBJECT ADDED ENTRY--TOPICAL TERM | |
| Topical term or geographic name entry element | Managerial accounting. |
| 650 ## - SUBJECT ADDED ENTRY--TOPICAL TERM | |
| Topical term or geographic name entry element | Cost accounting. |
| 650 ## - SUBJECT ADDED ENTRY--TOPICAL TERM | |
| Topical term or geographic name entry element | Managerial accounting |
| Form subdivision | Problems, exercises, etc. |
| 650 ## - SUBJECT ADDED ENTRY--TOPICAL TERM | |
| Topical term or geographic name entry element | Cost accounting |
| Form subdivision | Problems, exercises, etc. |
| 942 ## - ADDED ENTRY ELEMENTS (KOHA) | |
| Source of classification or shelving scheme | Library of Congress Classification |
| Koha item type | Book |
| Withdrawn status | Lost status | Source of classification or shelving scheme | Damaged status | Not for loan | Home library | Current library | Shelving location | Date acquired | Source of acquisition | Cost, normal purchase price | Total Checkouts | Full call number | Barcode | Date last seen | Cost, replacement price | Price effective from | Koha item type |
|---|---|---|---|---|---|---|---|---|---|---|---|---|---|---|---|---|---|
| Library of Congress Classification | MILA University Central Library | MILA University Central Library | General Stacks | 13/05/2026 | Emo Book Services Sdn Bhd | 231.40 | HF5657.4 .D78 2024 | 0003623 | 13/05/2026 | 231.40 | 13/05/2026 | Book |
